| 000 | 00440nam a22001577a 4500 | ||
|---|---|---|---|
| 005 | 20251108171809.0 | ||
| 008 | 250721s1998 xx 000 0 ara d | ||
| 082 | 1 | 4 | _a895.1/تاو |
| 100 | 1 |
_aالسواح، فراس _eمترجم |
|
| 245 | 1 | 0 | _aالتاوتي - تشيننغ / |
| 264 | 1 |
_aدمشق : _bدار علاء الدين، _c1998. |
|
| 300 | _a266ص | ||
| 650 | 1 | 7 | _aالأدب الصيني |
| 942 |
_2ddc _cBK |
||
| 999 |
_c62759 _d62759 |
||